01029 2200325 4500001002100000005001500021035002000036007000300056008004100059020002200100082001600122084001800138100003800156245012500194250003000319300003400349650000900383700003100392700003300423504003100456264004200487336002100529337003000550338002300580040002200603090002200625850001200647999002200659990002200681INLIS00000000087947720230622110857 a0010-0623000550ta230622b2023 xx a g ind d a978-623-8079-63-604223a616.238 a616.238 DEV t0 aDevia Putri LenggogeniePengarang10aTeknik pernapasan buteyko dalam pengelolaan asma /cDevia Putri Lenggogeni; penyunting, Bingar Hernowo, Ari Sulistyawati aCetakan pertama, Mei 2023 a85 halaman :bgambar ;c23 cm04aAsma0 aBingar HernowoePenyunting0 aAri SulistyawatiePenyunting aBibliografi: halaman 79-8331aBantul :bMitra Edukasi Negeri,c2023 2rdacontentateks 2rdamediaatanpa perantara 2rdacarrieravolume aYOPDYOGbinderda aCB-D.11 2023-0964 aYOPDYOG aCB-D.11/2023-0964 aCB-D.11/2023-0964